BIBLIOTECA

SENCICO

Perspectiva (Registro nro. 2446)

Detalles MARC
000 -LEADER
fixed length control field 00715nam a2200229Ia 4500
005 - DATE AND TIME OF LATEST TRANSACTION
control field 20251020182542.0
008 - FIXED-LENGTH DATA ELEMENTS--GENERAL INFORMATION
fixed length control field 200515s9999 xx 000 0 und d
082 ## - DEWEY DECIMAL CLASSIFICATION NUMBER
Classification number 742/R28
100 ## - MAIN ENTRY--PERSONAL NAME
Personal name RAYA MORAL, Baltasar
245 #0 - TITLE STATEMENT
Title Perspectiva
250 ## - EDITION STATEMENT
Edition statement 2a ed.
260 ## - PUBLICATION, DISTRIBUTION, ETC.
Place of publication, distribution, etc. Barcelona
260 ## - PUBLICATION, DISTRIBUTION, ETC.
Date of publication, distribution, etc. 1981
300 ## - PHYSICAL DESCRIPTION
Extent 137
500 ## - GENERAL NOTE
General note 1 ejemplar
520 ## - SUMMARY, ETC.
Summary, etc. Aplicaciones de los sistemas axonométrico y cónico, así como sus variantes, viendo más la parte práctica que la teórica. Presenta también un estudio sobre Escalas así como algunas generalidades sobre el sistema Diédrico
650 ## - SUBJECT ADDED ENTRY--TOPICAL TERM
Topical term or geographic name entry element DIBUJO
650 ## - SUBJECT ADDED ENTRY--TOPICAL TERM
Topical term or geographic name entry element DIBUJO DE PERSPECTIVA
650 ## - SUBJECT ADDED ENTRY--TOPICAL TERM
Topical term or geographic name entry element LIB
650 ## - SUBJECT ADDED ENTRY--TOPICAL TERM
Topical term or geographic name entry element PERSPECTIVA
942 ## - ADDED ENTRY ELEMENTS (KOHA)
Koha item type Libros
Existencias
Fecha de la última vez que lo usaron Pago total Signatura topográfica completa Código de barras Precio efectivo desde Tipo de documento Estado perdido Estado dañado No es para préstamo Retirado Ubicación permanente Ubicación actual Fecha de adquisición
15/05/2020   742/R28 Bib-Lima15052446 15/05/2020 Libros         Biblioteca Central Lima Biblioteca Central Lima 15/05/2020